000 00328nam a2200145Ia 4500
008 150301s2015 xx 000 0 und d
082 _a540
_bP15R
100 _aRAJE, V.N
245 _aPHARMACEUTICAL CHEMISTRY -||
250 _a2ND
260 _bCBS- DELHI
300 _a239
650 _aPHARMACEUTICS
942 _2ddc
_cBK
_046
999 _c7305
_d7305